Obrana malého štátu

Realistický pohľad na možnosti malého štátu pri svojej obrane v prípade vojnového knfliktu. Iregulárna vojna ako strategické východisko. Vojenské spojenectvo na rovnoprávnej úrovni s podobnými štátmi alebo v ochrannom zväzku s veľmocou. Niekoľko rád pre malý štát, ktorý by chcel viesť úspešnú obrann...

Descripción completa

Guardado en:
Detalles Bibliográficos
Autor principal: Šmihula, Daniel
Formato: Capítulo de libro
Lenguaje:eslovaco
Materias:
Etiquetas: Agregar Etiqueta
Sin Etiquetas, Sea el primero en etiquetar este registro!

MARC

LEADER 00000naa$a2200000$$$4500
001 0070724
005 20231016093403.0
041 0 |a slo 
044 |a CZ 
245 1 0 |a Obrana malého štátu  |c Daniel Šmihula 
520 |a Realistický pohľad na možnosti malého štátu pri svojej obrane v prípade vojnového knfliktu. Iregulárna vojna ako strategické východisko. Vojenské spojenectvo na rovnoprávnej úrovni s podobnými štátmi alebo v ochrannom zväzku s veľmocou. Niekoľko rád pre malý štát, ktorý by chcel viesť úspešnú obrannú vojnu proti silnejšiemu protivníkovi. 
610 2 0 |a obrana štátu 
610 2 0 |a vojenstvo 
610 2 0 |a vojny 
610 2 0 |a technika vojenská 
610 2 0 |a zbrojenie 
610 2 0 |a bezpečnosť 
100 1 |a Šmihula, Daniel